Возникновение неклассических скачков в одной модели течения двухкомпонентной, двухскоростной сплошной среды (Запись № 4019991)

Подробности
000 -МАРКЕР
контрольное поле 01697nam0a2200349 i 4500
001 - ИДЕНТИФИКАТОР ЗАПИСИ
контрольное поле RU\NLR\bibl\1987222
005 - ИДЕНТИФИКАТОР ВЕРСИИ
контрольное поле 20240921171655.0
021 ## - НОМЕР ГОСУДАРСТВЕННОЙ РЕГИСТРАЦИИ
Код страны российская федерация
Номер 2012-97322
Номер Листа государственной регистраци 7195
035 ## - ДРУГИЕ СИСТЕМНЫЕ НОМЕРА
Идентификатор записи (NLR Aleph) 001975814
100 ## - ДАННЫЕ ОБЩЕЙ ОБРАБОТКИ
Данные общей обработки 20130116d2012 k y0rusy50 ca
101 0# - ЯЗЫК РЕСУРСА
Язык текста, звукозаписи и т.д. русский
Язык резюме английский
102 ## - СТРАНА ПУБЛИКАЦИИ ИЛИ ПРОИЗВОДСТВА
Страна публикации российская федерация
105 ## - ПОЛЕ КОДИРОВАННЫХ ДАННЫХ: ТЕКСТОВЫЕ МАТЕРИАЛЫ, МОНОГРАФИЧЕСКИЕ
Кодированные данные о монографическом текстовом документе a |||||||||
200 1# - ЗАГЛАВИЕ И СВЕДЕНИЯ ОБ ОТВЕТСТВЕННОСТИ
Основное заглавие Возникновение неклассических скачков в одной модели течения двухкомпонентной, двухскоростной сплошной среды
Первые сведения об ответственности Рыков Ю.Г., Лысов В.Г., Феодоритова О.Б.
210 ## - ПУБЛИКАЦИЯ, РАСПРОСТРАНЕНИЕ И ДР.
Место издания, распространения и т.д. Москва
Имя издателя, распространителя и т. д. ИПМ РАН
Дата издания, распространения и т.д. 2012
215 ## - ФИЗИЧЕСКАЯ ХАРАКТЕРИСТИКА
Специфическое обозначение материала и объем 20 с.
Другие сведения о физической характеристике ил.
Размеры 21
225 1# - СЕРИЯ
Основное заглавие серии Препринты ИПМ им. М.В. Келдыша
Параллельное заглавие серии Keldysh institute preprints
225 1# - СЕРИЯ
Основное заглавие серии Препринт
Сведения об ответственности Ин-т приклад. математики им. М.В. Келдыша Рос. акад. наук
ISSN серии 2071-2898
Обозначение тома N° 74 за 2012 г.
300 ## - ОБЩИЕ ПРИМЕЧАНИЯ
Текст примечания Рез. на англ. яз.
320 ## - ПРИМЕЧАНИЯ О НАЛИЧИИ В ДОКУМЕНТЕ БИБЛИОГРАФИИ / УКАЗАТЕЛЯ
Текст примечания Библиогр.: с. 20 (13 назв.)
606 1# - НАИМЕНОВАНИЕ ТЕМЫ КАК ПРЕДМЕТ
Наименование темы Газы
Тематический подзаголовок Движение
-- Моделирование
Системный номер авторитетной/нормативной записи 2253431
Идентификатор авторитетной/нормативной записи RU\NLR\auth\661351522
606 1# - НАИМЕНОВАНИЕ ТЕМЫ КАК ПРЕДМЕТ
Наименование темы Газодинамика
Тематический подзаголовок Уравнения
-- Системы
-- Решение
Системный номер авторитетной/нормативной записи 2139760
Идентификатор авторитетной/нормативной записи RU\NLR\auth\661289825
686 ## - ИНДЕКСЫ ДРУГИХ КЛАССИФИКАЦИЙ
Индекс В253.33
700 #1 - ИМЯ ЛИЦА - ПЕРВИЧНАЯ ОТВЕТСТВЕННОСТЬ
Начальный элемент ввода Рыков
Часть имени, кроме начального элемента ввода Ю. Г.
Расширение инициалов личного имени Юрий Германович
Код отношения Автор
701 #1 - ИМЯ ЛИЦА - АЛЬТЕРНАТИВНАЯ ОТВЕТСТВЕННОСТЬ
Начальный элемент ввода Лысов
Часть имени, кроме начального элемента ввода В. Г.
Расширение инициалов личного имени Владимир Генрихович
Код отношения Автор
701 #1 - ИМЯ ЛИЦА - АЛЬТЕРНАТИВНАЯ ОТВЕТСТВЕННОСТЬ
Начальный элемент ввода Феодоритова
Часть имени, кроме начального элемента ввода О. Б.
Расширение инициалов личного имени Ольга Борисовна
Код отношения Автор
801 #0 - ИСТОЧНИК ЗАПИСИ
Страна российская федерация
Организация NLR
Дата составления 20130116
Правила каталогизации RCR
801 #1 - ИСТОЧНИК ЗАПИСИ
Страна российская федерация
Организация NLR
Дата составления 20130116
942 ## - ДОПОЛНИТЕЛЬНЫЕ ЭЛЕМЕНТЫ ЗАПИСИ (АБИС)
Тип экземпляра АБИС Книга
980 ## - КОЛЛЕКЦИЯ
Название коллекции НБР

Нет доступных экземпляров.